| 000 | 00745cam a2200253 a 4500 | ||
|---|---|---|---|
| 001 | 2387040 | ||
| 003 | OSt | ||
| 005 | 20231021112930.0 | ||
| 008 | 850722s1986 nyua b 001 0 eng | ||
| 010 | _a 85017821 | ||
| 020 | _c$35.95 (est.) | ||
| 040 |
_aDLC _cDLC _dDLC |
||
| 050 | 0 | 0 |
_aTJ265 _b.J64 1986 |
| 082 | 0 | 0 |
_a536 JON 1960 _219 |
| 100 | 1 |
_aJones, James B.; Hawkins, George A.; _98129 |
|
| 245 | 1 | 0 |
_aEngineering Thermodynamics : _ban introductory textbook |
| 260 |
_aNew York : _bWiley, _c1960. |
||
| 300 |
_axx, 836 p. : _bill. ; _c25 cm. |
||
| 504 | _aIncludes bibliographies and index. | ||
| 650 | 0 |
_aEngineering _9373 |
|
| 650 | 0 | _aThermodynamics. | |
| 906 |
_a7 _bcbc _corignew _d1 _eocip _f19 _gy-gencatlg |
||
| 942 |
_2ddc _cSLOAN |
||
| 999 |
_c3652 _d3652 |
||